000 00756nam a22002175i 4500
001 177777
003 ES-MaACL
005 20250808030144.0
008 110420s1930 sp f |||| | spa d
080 _a159.935
100 1 _aKatz, David.
_967631
245 1 3 _aEl mundo de las sensaciones táctiles /
_cDavid Katz ; traducción del alemán por Manuel G. Morente.
260 _aMadrid :
_bRevista de Occidente,
_c[1930]
300 _a271, [5] p. de lám. ;
_c18 cm.
490 1 _aNuevos hechos, nuevas ideas ;
_v32
650 4 _aPercepción táctil.
_9146262
700 1 _aGarcía Morente, Manuel,
_d1886-1942
_955002
830 1 _aNuevos hechos, nuevas ideas ;
_v32
_9184426
852 _aES-MaACL
_jE-14982
_xOlim P-209
999 _c177777
_d177777